000 00668nam a22002177a 4500
999 _c14360
_d14360
003 AR-CdUCM
008 190423b ||||| |||| 00| 0 spa d
040 _aMUNICIPALIDAD PROVINCIAL DEL CUSCO
_cBIBLIOTECA MUNICIPAL DEL CUSCO
082 _a869.26 /
_bS56
100 _aSimpson, Máximo
_930668
245 _aTupac Amaru :
_bElegías /
260 _aBuenos Aires :
_bStilcograf,
_c1960.
300 _a23 páginas ;
_c22 cm.
500 _aDedicatoria a Luis Nieto.
505 _aContenido : Elegías -- I -- II -- III ...
650 _aElegías
_928316
650 _aTupac Amaru
_9623
650 _aSiglo XX
_98
942 _2ddc
_cLIBROS
945 _arah
_d23/04/2019